| 000 | 01222nam a2200253 a 4500 | ||
|---|---|---|---|
| 001 | 000036038 | ||
| 005 | 20260414172528.0 | ||
| 008 | 111124s1996 sp a 001 0 spa d | ||
| 020 | _a848236023x | ||
| 040 |
_aDO-SdBNP _bspa _cBNPHU |
||
| 082 |
_a750 _bC977b, [1996?] |
||
| 245 | 0 | 0 |
_aCurso básico de técnicas de dibujo y pintura / _ctraducción, Arantxa Sáenz Segarra, Carmen Vilaseca Gilabert. |
| 260 |
_aBarcelona : _bIdea Books, _c[1996?]. |
||
| 300 |
_a6v. : _bil. ; _c30 cm. |
||
| 500 | _aTítulo tomado de la carpeta | ||
| 505 | 0 |
_gv.1. Técnicas básicas de dibujo / _rGreg Albert, _rRachel Wolf -- _gv.2. Técnicas básicas de acuarela / _rGreg Albert, _rRachel Wolf -- _gv.3. Técnicas básicas de bodegones / _rRachel Wolf -- _gv.4. Técnicas básicas de dibujo de figura / _rGreg Albert -- _gv.5 Técnicas básicas de paisajismo / _rGreg Albert, _rRachel Wolf -- _gv.6 Técnicas básicas de óleo / _rGreg Albert, _rRachel Wolf |
|
| 650 | 0 |
_aPintura _962084 |
|
| 650 | 4 |
_aDibujo _xTénica _962085 |
|
| 700 | 1 | 2 |
_aAlbert, Greg, _eed. _962086 |
| 700 | 1 | 2 |
_aWolf, Rachel, _eed. _962087 |
| 700 | 1 | 2 |
_aSáenz Segarra, Arantxa _962088 |
| 700 | 1 | 2 |
_aVilaseca Gilabert, Carmen _962089 |
| 910 | _aValidado. Control de calidad MFF | ||
| 999 |
_c35529 _d35529 |
||